000 00563nam a2200241Ia 4500
003 OSt
005 20221007115701.0
006 a|||||r|||| 00| 0
007 ta
008 221006b |||||||| |||| 00| 0 eng d
024 _a37,863
037 _cTextual
040 _aLCO
_cLCO
_beng
041 _2eng
_aeng
082 _aZ2,3, Q8
100 _aNARAYAN Chitra
_9709769
245 0 _aSpecific Relief Act 1963
250 _a15th
260 _c2018
300 _a540
942 _hZ2,3, Q8
_cTEXL
999 _c1207426
_d1207426